The light of the Upanishads/ (Record no. 25770)

000 -LEADER
fixed length control field 00387nam a22001571a 4500
020 ## - INTERNATIONAL STANDARD BOOK NUMBER
ISBN 81856169390
082 ## - DEWEY DECIMAL CLASSIFICATION NUMBER
Classification number 294.592 18
Item number HAR/L
100 ## - MAIN ENTRY--AUTHOR NAME
Personal name Haripada Chakravathi
245 ## - TITLE STATEMENT
Title The light of the Upanishads/
Statement of responsibility, etc by Haripada Chakravathi
260 ## - PUBLICATION, DISTRIBUTION, ETC. (IMPRINT)
Place of publication New Delhi:
Name of publisher Sharada,
Year of publication 2003.
300 ## - PHYSICAL DESCRIPTION
Number of Pages 278p.
650 ## - SUBJECT ADDED ENTRY--TOPICAL TERM
Topical Term Upanishad
650 ## - SUBJECT ADDED ENTRY--TOPICAL TERM
Topical Term Hinduism
650 ## - SUBJECT ADDED ENTRY--TOPICAL TERM
Topical Term Religion
942 ## - ADDED ENTRY ELEMENTS (KOHA)
Koha item type Book
Holdings
Withdrawn status Lost status Damaged status Not for loan Permanent Location Current Location Date acquired Cost, normal purchase price Full call number Accession Number Cost, replacement price Price effective from Koha item type
        Sree Sankaracharya University of Sanskrit Sree Sankaracharya University of Sanskrit 08.01.2015 600.00 294.592 18 HAR/L 072857 0.00 08.01.2015 Book